Teora̕ general del acto jurd̕ico

Bibliographic Details
Main Author: Vial del Ro̕, Vc̕tor
Format: eBook
Language:Spanish
Published: [Chile] : Editorial jura̕dica de Chile, 2010.
Subjects:
Online Access:Acceso restringido

MARC

LEADER 00000nam a22000007a 4500
005 20110826130542.0
008 110826t2011 cl |||||s|||| 00| 0 spa d
020 |a 978-956-10-1488-6 
035 |a 5485 
040 |a vLex 
090 |c 2277  |d 2277 
100 1 |a Vial del Ro̕, Vc̕tor 
245 1 0 |a Teora̕ general del acto jurd̕ico   |c Vc̕tor Vial del Ro̕   |h [Recurso electrn̤ico] / 
256 |a Servicio en ln̕ea. 
260 |a [Chile] :  |b Editorial jura̕dica de Chile,   |c 2010. 
500 |a Con singular maestra̕, rigor cientf̕ico y lucidez esta obra aborda una materia de importancia fundamental para la ciencia del Derecho y para la formacin̤ jurd̕ica de los abogados. Se destaca por la objetividad de los planteamientos para abordar temas cls̀icos como la voluntad, el objeto, la causa, los efectos, la ineficacia y las modalidades de los actos jurd̕icos, desde una perspectiva original al amparo de una renovada bibliografa̕.  
506 1 |a Contenido solo disponible en los productos indicados  |d vLex Global  |d vLex Global (Academic Edition, excluding Law Schools)  |d vLex Global (U.S. Academic Edition, Law Schools)  |d vLex Global (U.S. Academic Edition, excluding Law Schools)  |d vLex Global (Academic Edition, Law Schools) 
650 0 4 |a Hecho jurd̕ico 
740 0 |a vLex Libros (Servicio en ln̕ea) 
856 4 0 |u http://vlex.com/source/teoria-general-acto-juridico-5485  |z Acceso restringido 
942 |c BOOK